000 01601nam0a2200301 4500
001 RU\NLR\bibl\1274396
005 20260407190324.0
010 _a978-5-94856-418-0
_970
021 _aRU
_b2008-57409
_93197
035 _a(NLR Aleph) 001260232
090 _a374416
_c374416
100 _a20080604d2008 |||y0rusy50 ca
101 0 _arus
102 _aRU
105 _ay |||||||||
200 1 _aТелевизионный "круглый стол" как аналитический жанр журналистики
_eучебное пособие
_fНегос. образоват. учреждение высш. проф. образования "Ин-т телевидения, бизнеса и дизайна", Фак. телерадиожурналистики, Каф. журналистики
_g[авт.-сост.: доц., к. филол. н. Ю.Н. Вишневская]
210 _aСанкт-Петербург
_cЦНИТ "Астерион"
_d2008
215 _a89 с.
_d21
320 _aБиблиогр.: с. 18, 74-83
606 1 _aТелевидение
_jУчебные издания для высших учебных заведений
_xЖанры
_91771686
_3RU\NLR\auth\661090319
686 _aЧ632.163.9я73
702 1 _aВишневская
_bЮ. Н.
_4220
712 0 2 _4570
_aИнститут телевидения, бизнеса и дизайна
_cСанкт-Петербург
_bКафедра журналистики
_3RU\NLR\AUTH\8810123031
_9743935
801 0 _aRU
_bNLR
_c20080604
_gRCR
801 1 _aRU
_bNLR
_c20080604
942 _cBOOK
980 _aNB